[Event "40th Asia-ch U20"]
[Site "Ulaanbaatar MGL"]
[Date "2018.08.20"]
[Round "2"]
[White "Tenuunbold, Battulga"]
[Black "Azhigulov, Nurmat"]
[Result "0-1"]
[WhiteElo "1469"]
[BlackElo "1721"]
[EventDate "2018.08.19"]
[PlyCount "0"]

1.d4 e6 2.Nf3 d5 3.c4 c6 4.g3 Nf6 5.Bg2 dxc4 6.Ne5 Nbd7 7.Nxc4 Nb6 8.Nxb6 
Qxb6 9.O-O Be7 10.Nc3 O-O 11.e3 Rd8 12.Qc2 Bd7 13.Bd2 c5 14.dxc5 Bxc5 15.
Rac1 Rac8 16.Rfd1 h6 17.a3 Bc6 18.b4 Bxg2 19.Kxg2 Be7 20.Qb1 a5 21.bxa5 
Qc6+ 22.f3 Bxa3 23.Rc2 Ng4 24.Qb3 Nxe3+ 25.Bxe3 Rxd1 26.Qxa3 Rd3 27.Kf2 
Rxc3 28.Rxc3 Qxc3 29.Qxc3 Rxc3 30.Bd4 Rc2+ 31.Kg1 Rd2 32.Bb6 Kf8 33.h4 Ke7
34.Kf1 Kd6 35.g4 Kc6 36.Bd8 Kb5 37.Be7 g6 0-1

[Event "40th Asia-ch U20"]
[Site "Ulaanbaatar MGL"]
[Date "2018.08.20"]
[Round "3"]
[White "Gan-Erdene, Sugar"]
[Black "Yakubboev, Nodirbek"]
[Result "0-1"]
[WhiteElo "2309"]
[BlackElo "2512"]
[EventDate "2018.08.19"]
[PlyCount "0"]

1.e4 e5 2.Nf3 Nc6 3.Bc4 Bc5 4.O-O Nf6 5.d3 d6 6.a4 a6 7.c3 Ba7 8.Na3 h6 9.
Nc2 O-O 10.Be3 Bxe3 11.Nxe3 Be6 12.Re1 Bxc4 13.Nxc4 Re8 14.b4 Ne7 15.Nh4 
Qd7 16.h3 Qe6 17.Ne3 d5 18.exd5 Nexd5 19.Nxd5 Nxd5 20.Qf3 Rad8 21.Qg3 Nxc3
22.Rac1 Nd5 23.Nf3 f6 24.Re4 Qf7 25.Nh4 Nf4 26.Nf5 Kh7 27.d4 c6 28.Rce1 g6
29.Nh4 g5 30.dxe5 Nh5 31.Qf3 gxh4 32.Rxh4 Ng7 33.Rf4 f5 34.g4 Rd5 35.Qc3 
Qc7 36.gxf5 Rexe5 37.Rxe5 Qxe5 38.Qxe5 Rxe5 39.f6 Ne6 40.Rf3 Kg6 41.f7 Rf5
0-1

[Event "40th Asia-ch U20"]
[Site "Ulaanbaatar MGL"]
[Date "2018.08.20"]
[Round "3"]
[White "Priasmoro, Novendra"]
[Black "Agibileg, Uurtsaikh"]
[Result "1-0"]
[WhiteElo "2485"]
[BlackElo "2302"]
[EventDate "2018.08.19"]
[PlyCount "0"]

1.e4 c5 2.Nf3 e6 3.g3 b6 4.Bg2 Bb7 5.Qe2 Nc6 6.O-O g5 7.c3 h5 8.Rd1 g4 9.
Ne1 Bg7 10.Na3 Nge7 11.d4 cxd4 12.Nb5 d5 13.exd5 exd5 14.Nc2 O-O 15.Nbxd4 
Nxd4 16.Nxd4 Qd7 17.Bg5 Ng6 18.Qb5 Qd6 19.Nc2 Rae8 20.Be3 Bc6 21.Qb4 Qc7 
22.Nd4 Bd7 23.Nb5 Qb8 24.Nd6 Rxe3 25.fxe3 a5 26.Qa3 d4 27.cxd4 h4 28.e4 h3
29.Bf1 f5 30.e5 f4 31.Bd3 fxg3 32.Bxg6 Rf3 33.Rd3 gxh2+ 34.Kh1 Rf2 35.Qb3+
Kf8 36.Ne4 Rf4 37.Qd5 Qd8 38.e6 Qf6 39.Nxf6 g3 40.Qd6# 1-0

[Event "40th Asia-ch U20"]
[Site "Ulaanbaatar MGL"]
[Date "2018.08.20"]
[Round "3"]
[White "Garidmagnai, Byambasuren"]
[Black "Batsuren, Dambasuren"]
[Result "1/2-1/2"]
[WhiteElo "2128"]
[BlackElo "2446"]
[EventDate "2018.08.19"]
[PlyCount "0"]

1.Nf3 Nf6 2.c4 b6 3.e3 Bb7 4.Be2 e6 5.O-O Be7 6.b3 O-O 7.Bb2 d5 8.cxd5 
exd5 9.d4 Nbd7 10.Nbd2 Ne4 11.Rc1 f5 12.Ne5 Nxe5 13.dxe5 c5 14.f3 Nxd2 15.
Qxd2 Qd7 16.f4 Qe6 17.Bf3 g6 18.Rfd1 Rfd8 19.g3 Rd7 20.Qg2 Rb8 21.Rd2 d4 
22.Bxb7 Rbxb7 23.exd4 Rd5 24.Rcd1 Rbd7 25.Kh1 Kf7 26.h3 cxd4 27.Rxd4 Rxd4 
28.Rxd4 Bc5 29.Rxd7+ Qxd7 30.Qe2 Qd5+ 31.Kh2 Ke6 32.g4 b5 33.gxf5+ gxf5 
34.Qg2 Qxg2+ 35.Kxg2 Kd5 36.Kf3 a6 37.Bc3 Be7 38.Ba5 h5 39.Bc7 Ke6 40.Kg3 
Kd5 41.Kf3 Ke6 42.Ke3 Bc5+ 43.Kd3 Ba3 44.Bd8 Bc1 45.Bg5 Kd5 46.Bh6 Ba3 47.
Ke3 Bc1+ 48.Kf3 Bd2 49.Bf8 Ke6 50.Bc5 Be1 51.Ke2 Bg3 52.Be3 Kd5 53.Kd2 Bh4
54.a4 Bd8 55.Kd3 Ba5 56.axb5 axb5 57.Ke2 Bb4 58.Bd2 Bc5 59.Kf3 Be7 60.Kg3 
Kc6 61.Ba5 Kd5 62.Bc7 Kc6 63.Bd6 h4+ 64.Kf3 Bxd6 65.exd6 Kxd6 66.Ke3 Kc5 
67.Kd3 Kb4 68.Kc2 Kc5 1/2-1/2

[Event "40th Asia-ch U20"]
[Site "Ulaanbaatar MGL"]
[Date "2018.08.20"]
[Round "3"]
[White "Krishna Teja, N"]
[Black "Itgelt, Khuyagtsogt"]
[Result "0-1"]
[WhiteElo "2389"]
[BlackElo "2119"]
[EventDate "2018.08.19"]
[PlyCount "0"]

1.d4 Nf6 2.c4 e6 3.g3 d5 4.Nf3 Be7 5.Bg2 O-O 6.O-O dxc4 7.Qa4 a6 8.Qxc4 b5
9.Qc2 Bb7 10.Bd2 Be4 11.Qc1 Bb7 12.Qc2 Be4 13.Qc1 Bb7 14.Bf4 Bd6 15.Nbd2 
Nd5 16.Nb3 Nxf4 17.gxf4 Nd7 18.Nc5 Bxf3 19.Bxf3 Qh4 20.e3 Bxc5 21.dxc5 
Rad8 22.Qc2 e5 23.f5 Nf6 24.Bg2 e4 25.Rad1 Qg4 26.Rd4 Rxd4 27.exd4 Rd8 28.
Qc3 Nd5 29.Qg3 Qxf5 30.Re1 Re8 31.Qd3 Nf4 32.Rxe4 Rxe4 33.Qxe4 Nh3+ 0-1

[Event "40th Asia-ch U20"]
[Site "Ulaanbaatar MGL"]
[Date "2018.08.20"]
[Round "3"]
[White "Erkhes, Bayartnar"]
[Black "Tugstumur, Yesuntumur"]
[Result "0-1"]
[WhiteElo "1762"]
[BlackElo "2361"]
[EventDate "2018.08.19"]
[PlyCount "0"]

1.e4 c5 2.Nf3 e6 3.g3 Nc6 4.Bg2 d6 5.O-O Nf6 6.Re1 Be7 7.d4 cxd4 8.Nxd4 
Nxd4 9.Qxd4 O-O 10.c4 e5 11.Qd3 Be6 12.Nc3 Rc8 13.b3 a6 14.Bb2 h5 15.h4 
Ng4 16.Nd5 f5 17.Nxe7+ Qxe7 18.exf5 Bxf5 19.Qe2 Rce8 20.Rad1 Bc8 21.f3 Nh6
22.Ba3 Rf6 23.Qd2 Nf5 24.Qg5 Qf7 25.Qd2 Nxg3 26.Bxd6 Rg6 27.Bxe5 Nf5 28.
Qf2 Rf8 29.Bf4 Bd7 30.Bg5 Bc6 31.Rd3 Qc7 32.Red1 Kh7 33.f4 Bxg2 34.Kxg2 
Qc6+ 35.Kh2 Re8 36.Re1 Nh6 37.Kg3 Rxe1 38.Qxe1 Re6 39.Qd1 Qe4 40.Rf3 Nf5+ 
41.Kh3 Rd6 42.Qf1 Rd2 43.Rc3 Ne3 44.Qg1 Qf5+ 45.Kg3 Qg4# 0-1

[Event "40th Asia-ch U20"]
[Site "Ulaanbaatar MGL"]
[Date "2018.08.20"]
[Round "3"]
[White "Suleymenov, Alisher"]
[Black "Erdemdalai, Yondonjamts"]
[Result "1-0"]
[WhiteElo "2343"]
[BlackElo "1788"]
[EventDate "2018.08.19"]
[PlyCount "0"]

1.d4 Nf6 2.c4 g6 3.Nc3 d5 4.Nf3 Bg7 5.Bf4 O-O 6.Rc1 dxc4 7.e4 c5 8.dxc5 
Qa5 9.e5 Nh5 10.Be3 Rd8 11.Nd2 Bxe5 12.Bxc4 Nc6 13.O-O Bf4 14.Qe2 Bxe3 15.
Qxe3 Nf6 16.Nf3 Bf5 17.Ng5 e6 18.Nb5 Ne8 19.h3 h6 20.Nf3 g5 21.a3 a6 22.b4
Qa4 23.Nbd4 Nxd4 24.Nxd4 Ng7 25.f4 g4 26.hxg4 Bxg4 27.f5 exf5 28.c6 Re8 
29.Qc3 Ne6 30.cxb7 Rad8 31.Bxe6 fxe6 32.Nc6 1-0

[Event "40th Asia-ch U20"]
[Site "Ulaanbaatar MGL"]
[Date "2018.08.20"]
[Round "3"]
[White "Baasansuren, Erdene"]
[Black "Khuslen, Altan-Ochir"]
[Result "1-0"]
[WhiteElo "2240"]
[BlackElo "1780"]
[EventDate "2018.08.19"]
[PlyCount "0"]

1.d4 d5 2.c4 c6 3.Nf3 Nf6 4.Nc3 dxc4 5.a4 Bf5 6.Nh4 e6 7.Nxf5 exf5 8.e3 
Nbd7 9.Bxc4 Bb4 10.Qb3 Bxc3+ 11.bxc3 O-O 12.Ba3 c5 13.Qxb7 Qa5 14.O-O Nb6 
15.Bb5 Ne4 16.dxc5 Rab8 17.Qxb8 Rxb8 18.Bb4 Nc4 19.Bxa5 Nxa5 20.c6 Nxc3 
21.Rac1 Nd5 22.c7 Rc8 23.Rfd1 Nxc7 24.Rxc7 Rb8 25.Rxa7 Nb3 26.Rad7 1-0

[Event "40th Asia-ch U20"]
[Site "Ulaanbaatar MGL"]
[Date "2018.08.20"]
[Round "3"]
[White "Batbold, Nyamsuren"]
[Black "Amartuvshin, Ganzorig"]
[Result "0-1"]
[WhiteElo "1759"]
[BlackElo "2236"]
[EventDate "2018.08.19"]
[PlyCount "0"]

1.d4 Nf6 2.Nf3 g6 3.c4 Bg7 4.Nc3 O-O 5.e4 d6 6.Be2 Na6 7.O-O e5 8.d5 Nc5 
9.Qc2 a5 10.b3 Nh5 11.Bg5 f6 12.Be3 b6 13.Nd2 Nf4 14.Bxc5 bxc5 15.Rfe1 f5 
16.Bf3 Bh6 17.Nf1 Qg5 18.Ng3 Nxg2 19.Kxg2 f4 20.h4 Qxh4 21.Rh1 Qg5 22.Qc1 
Kg7 23.Qd2 Bg4 24.Nge2 Bh5+ 25.Kf1 Bxf3 26.Rg1 Bg2+ 27.Ke1 f3 0-1

[Event "40th Asia-ch U20"]
[Site "Ulaanbaatar MGL"]
[Date "2018.08.20"]
[Round "3"]
[White "Tengis, Tsog-Ochir"]
[Black "Taivanbat, Chimeddorj"]
[Result "1-0"]
[WhiteElo "2186"]
[BlackElo "1691"]
[EventDate "2018.08.19"]
[PlyCount "0"]

1.d4 d5 2.c4 e6 3.Nf3 Nf6 4.Nc3 Be7 5.g3 O-O 6.Bg2 dxc4 7.O-O Nc6 8.e4 a6 
9.Be3 b5 10.d5 exd5 11.exd5 Nb4 12.Nd4 Bb7 13.d6 Bxg2 14.dxe7 Qxe7 15.Kxg2
c5 16.Nf5 Qe5 17.Qf3 Nd3 18.g4 b4 19.Ne2 Qxb2 20.Rab1 Qe5 21.Nf4 g6 22.Ng3
Nxf4+ 23.Bxf4 Qd5 24.Rbd1 Qxf3+ 25.Kxf3 Rfc8 26.Be5 Ne8 27.Ne4 c3 28.Rfe1 
c4 29.Rd7 a5 30.Re7 c2 31.g5 b3 32.Rxe8+ Rxe8 33.Nf6+ Kf8 34.Bd6+ Re7 35.
Bxe7+ Kg7 36.axb3 cxb3 37.Ba3 h6 38.h4 hxg5 39.hxg5 c1=Q 40.Bxc1 1-0

[Event "40th Asia-ch U20"]
[Site "Ulaanbaatar MGL"]
[Date "2018.08.20"]
[Round "3"]
[White "Azhigulov, Nurmat"]
[Black "Chinguun, Sumiya"]
[Result "0-1"]
[WhiteElo "1721"]
[BlackElo "2108"]
[EventDate "2018.08.19"]
[PlyCount "0"]

1.e4 c5 2.Nf3 e6 3.d4 cxd4 4.Nxd4 a6 5.a3 Nf6 6.Nc3 Qc7 7.Be2 d6 8.O-O b5 
9.Re1 Bb7 10.Bd3 Nbd7 11.Nb3 Be7 12.h3 O-O 13.Be3 e5 14.Qe2 Nc5 15.Nd2 Ne6
16.Nf3 Rfd8 17.Rad1 Bf8 18.Bc1 g6 19.Qe3 Bg7 20.Bf1 Nh5 21.Qd2 Rac8 22.Nd5
Bxd5 23.exd5 Nc5 24.b3 Nf6 25.Qe3 Ncd7 26.c4 Qb7 27.Bd2 bxc4 28.bxc4 Nc5 
29.Rb1 Qc7 30.Bb4 Nfe4 31.Nd2 f5 32.Nxe4 Nxe4 33.f3 Nc5 34.Qd2 Re8 35.Kh1 
e4 36.fxe4 Nxe4 37.Qe3 Be5 38.Bd3 Bg3 39.Bxe4 Bxe1 40.Qxe1 Rxe4 41.Qg3 f4 
42.Qg4 Rce8 43.Bc3 Qxc4 44.Bf6 Qxd5 45.Qd7 Qf7 46.Rb7 Qxd7 47.Rxd7 Re1+ 
48.Kh2 R8e2 49.Rd8+ Kf7 50.Bh4 Rd1 51.Rd7+ Kf8 52.Rd8+ Re8 53.Rd7 h6 54.
Bf6 Re2 55.Bg7+ Ke8 56.Ra7 0-1

[Event "40th Asia-ch U20"]
[Site "Ulaanbaatar MGL"]
[Date "2018.08.20"]
[Round "3"]
[White "Azjargal, Erdenebat"]
[Black "Amilal, Munkhdalai"]
[Result "0-1"]
[WhiteElo "1564"]
[BlackElo "1790"]
[EventDate "2018.08.19"]
[PlyCount "0"]

1.e4 c5 2.Nf3 d6 3.d4 cxd4 4.Nxd4 Nf6 5.Nc3 a6 6.Bg5 e6 7.f4 Be7 8.Qf3 Qc7
9.O-O-O Nbd7 10.g4 b5 11.a3 Bb7 12.h4 O-O 13.h5 Rfc8 14.Bd3 Nc5 15.Bh4 
Nxd3+ 16.Qxd3 Qc4 17.Qxc4 Rxc4 18.Rhg1 Kf8 19.e5 dxe5 20.fxe5 Bc5 21.Nce2 
Nd5 22.g5 Nf4 23.Nxf4 Bxd4 24.Rge1 Rac8 25.Kb1 Bxb2 26.Kxb2 Rxf4 27.Rf1 
Rxh4 28.Rd7 Be4 29.g6 Rxh5 30.Rfxf7+ Kg8 31.Rxg7+ Kh8 32.Rxh7+ Rxh7 33.
Rxh7+ Kg8 34.Ra7 Bxg6 35.Rxa6 Bf5 36.c3 Rc5 37.Kb3 Rxe5 38.Kb4 Kf7 39.Ra7+
Kf6 40.c4 bxc4 41.Kxc4 Re1 42.a4 Rd1 43.a5 Ra1 44.Kd4 e5+ 45.Ke3 Ra3+ 46.
Ke2 Kg5 47.Kd2 e4 48.a6 e3+ 49.Ke2 Kf4 50.Rf7 Rxa6 51.Rf8 Ra2+ 52.Ke1 Ke4 
53.Re8+ Kf3 54.Rd8 Rh2 0-1

[Event "40th Asia-ch U20"]
[Site "Ulaanbaatar MGL"]
[Date "2018.08.20"]
[Round "3"]
[White "Ochirbat, Lkhagvajamts"]
[Black "Anand, Batsukh"]
[Result "1-0"]
[WhiteElo "2007"]
[BlackElo "1682"]
[EventDate "2018.08.19"]
[PlyCount "0"]

1.d4 Nf6 2.Nf3 g6 3.g3 Bg7 4.Bg2 O-O 5.O-O d6 6.c4 Nbd7 7.Nc3 e5 8.e4 exd4
9.Nxd4 Re8 10.h3 Nc5 11.Re1 Bd7 12.Bf4 h6 13.b4 Ne6 14.Be3 Nh5 15.Qd2 Nxd4
16.Bxd4 Bxd4 17.Qxd4 Qf6 18.Qd3 Be6 19.Rad1 Rad8 20.Nb5 Qe7 21.Nc3 Qd7 22.
Kh2 Qe7 23.a3 Nf6 24.f4 Nd7 25.Qd4 c5 26.Qxd6 cxb4 27.axb4 Bxc4 28.e5 Qxd6
29.Rxd6 Nf8 30.Ne4 Nh7 31.Rc1 Ba6 32.Rc7 Rc8 33.Rdd7 Rxc7 34.Rxc7 Rf8 35.
Nd6 Kg7 36.e6 Nf6 37.b5 1-0

[Event "40th Asia-ch U20"]
[Site "Ulaanbaatar MGL"]
[Date "2018.08.20"]
[Round "3"]
[White "Ulziikhishig, Khishigbat"]
[Black "Chinguun, Otgonbayar"]
[Result "0-1"]
[WhiteElo "1517"]
[BlackElo "1952"]
[EventDate "2018.08.19"]
[PlyCount "0"]

1.d4 d5 2.c4 c6 3.Bf4 Nf6 4.e3 e6 5.Nc3 Bd6 6.Bg5 h6 7.Bh4 Nbd7 8.Bd3 dxc4
9.Bxc4 b5 10.Bd3 Bb7 11.Nge2 a6 12.O-O O-O 13.Ne4 Be7 14.Nxf6+ Nxf6 15.
Bxf6 Bxf6 16.Be4 Rc8 17.Rc1 Qe7 18.Bf3 c5 19.Bxb7 Qxb7 20.dxc5 Bxb2 21.Rc2
Ba3 22.Qd4 Rfd8 23.c6 Qc7 24.Qe4 Rd5 25.Nd4 Kh8 26.g3 Bc5 27.Rfc1 Bxd4 28.
exd4 Qd6 29.c7 Rxd4 30.Qb7 Rd1+ 31.Kg2 Qd5+ 32.Qxd5 Rxd5 33.Rc6 Rd7 34.
Rxa6 Rcxc7 35.Rxc7 Rxc7 36.Ra5 Rb7 37.Ra3 b4 38.Rb3 Ra7 39.Rxb4 Rxa2 40.g4
Kh7 41.Rb3 h5 42.gxh5 Ra5 43.Rb7 Rf5 44.Kg3 Kh6 45.f4 Kxh5 46.Ra7 g5 47.
fxg5 Rxg5+ 48.Kf4 Kg6 49.Ra8 Rh5 50.Kg3 Kf6 51.h4 Kf5 52.Ra1 Rh8 53.Rf1+ 
Kg6 54.Re1 Rb8 55.Re4 Rb3+ 56.Kf4 Rb5 57.Ra4 e5+ 58.Kg4 f5+ 59.Kg3 Rb3+ 
60.Kf2 e4 61.Ra8 f4 62.Rf8 Rb2+ 63.Kf1 f3 64.Rf4 Re2 65.Kg1 Kh6 66.Rf5 
Rg2+ 67.Kf1 Rg4 68.Kf2 Rxh4 69.Ke3 Kg6 70.Ra5 Rh1 71.Ra8 Re1+ 72.Kf2 Re2+ 
73.Kf1 Kf5 74.Rf8+ Ke5 75.Ra8 Kf4 76.Rf8+ Ke3 77.Ra8 Rd2 78.Ra3+ Rd3 79.
Ra1 Rb3 80.Ke1 Kf4 81.Ra4 Kg3 82.Rxe4 Rb1+ 0-1

[Event "40th Asia-ch U20"]
[Site "Ulaanbaatar MGL"]
[Date "2018.08.21"]
[Round "4"]
[White "Itgelt, Khuyagtsogt"]
[Black "Batsuren, Dambasuren"]
[Result "0-1"]
[WhiteElo "2119"]
[BlackElo "2446"]
[EventDate "2018.08.19"]
[PlyCount "0"]

1.e4 e5 2.Nf3 Nc6 3.Bb5 a6 4.Ba4 Nf6 5.d3 d6 6.Nc3 Bd7 7.O-O g6 8.Bg5 h6 
9.Be3 Bg7 10.h3 O-O 11.Qd2 Kh7 12.Rad1 b5 13.Bb3 Na5 14.Ne2 c5 15.c3 Nxb3 
16.axb3 Be6 17.Qc2 Qc7 18.Nh2 d5 19.f4 dxe4 20.dxe4 exf4 21.Nxf4 Rae8 22.
Nxe6 Rxe6 23.Bf4 Qc6 24.Rde1 Nxe4 25.Nf3 Rfe8 26.Rd1 Nf6 27.Qf2 Kg8 28.
Rfe1 Rxe1+ 29.Rxe1 Rxe1+ 30.Qxe1 Qe4 31.Qd2 g5 32.Be3 Bf8 33.Qf2 Qb1+ 34.
Qf1 Qxb2 35.Bd2 Qxb3 36.Qe1 Qe6 37.Qa1 Ne4 38.Be1 b4 0-1

[Event "40th Asia-ch U20"]
[Site "Ulaanbaatar MGL"]
[Date "2018.08.21"]
[Round "4"]
[White "Tugstumur, Yesuntumur"]
[Black "Garidmagnai, Byambasuren"]
[Result "0-1"]
[WhiteElo "2361"]
[BlackElo "2128"]
[EventDate "2018.08.19"]
[PlyCount "0"]

1.d4 Nf6 2.c4 g6 3.Nc3 Bg7 4.e4 d6 5.Nf3 O-O 6.Be2 Na6 7.O-O e5 8.Be3 Ng4 
9.Bg5 Qe8 10.h3 h6 11.Bh4 Nf6 12.Bxf6 Bxf6 13.c5 exd4 14.Nd5 Bd8 15.cxd6 
Qxe4 16.Bc4 cxd6 17.Re1 Qf5 18.Nxd4 Qg5 19.f4 Qh4 20.Nf3 Qh5 21.Kh2 Nc7 
22.Ne7+ Bxe7 23.Rxe7 Qc5 24.Bxf7+ Rxf7 25.Rc1 Qxc1 26.Qxc1 Rxe7 27.Nh4 Kh7
28.Qc2 Rg7 29.Nxg6 Rxg6 30.f5 Bxf5 31.Qxf5 Rg8 32.g4 Ne6 33.Qd5 Nd8 34.Qe4
Nc6 35.b4 Kh8 36.b5 Ne5 37.Qf5 Kg7 38.Qe4 Kh8 39.Qf5 R8g7 40.Qc8+ Kh7 41.
Qc2 Rf7 42.a4 Kg7 43.Qc3 h5 44.gxh5 Rg5 45.a5 Kh6 46.h4 Rg4 47.Qc8 Rxh4+ 
48.Kg3 Rxh5 49.Qh8+ Kg6 50.Qg8+ Kf6 51.Qd8+ Kg7 52.Qxd6 Rf3+ 53.Kg2 Rg5+ 
54.Kh2 Rf4 55.Qc7+ Kh6 56.Kh3 Ng6 57.Qxf4 Nxf4+ 58.Kh4 Kg6 59.a6 Kf5 60.
axb7 Rg4# 0-1

[Event "40th Asia-ch U20"]
[Site "Ulaanbaatar MGL"]
[Date "2018.08.21"]
[Round "4"]
[White "Amartuvshin, Ganzorig"]
[Black "Suleymenov, Alisher"]
[Result "1-0"]
[WhiteElo "2236"]
[BlackElo "2343"]
[EventDate "2018.08.19"]
[PlyCount "0"]

1.d4 Nf6 2.c4 c5 3.d5 g6 4.Nc3 Bg7 5.e4 d6 6.Bd3 O-O 7.h3 e6 8.Nf3 Na6 9.
O-O Nc7 10.a4 e5 11.Be3 Na6 12.Ne1 Nh5 13.Be2 Nf4 14.Bxf4 exf4 15.Nd3 Qh4 
16.Bf3 Nb4 17.Nxb4 cxb4 18.Nb5 Qf6 19.Re1 Qe5 20.Qd2 a6 21.Nc7 Rb8 22.Qxb4
b6 23.a5 Qe7 24.Nxa6 Bxa6 25.axb6 Bb7 26.Red1 Rfc8 27.Ra7 h5 28.b3 Be5 29.
Rd2 Qf6 30.Qb5 Qd8 31.b4 Qe7 32.Rd1 Ra8 33.c5 Rxa7 34.bxa7 Ba8 35.Qb6 Kg7 
36.c6 Rc7 37.Rc1 Bb7 38.Qxb7 Rxb7 39.a8=Q Rc7 40.b5 Bd4 41.Qb8 Ba7 42.Qxa7
Rxa7 43.b6 Rb7 44.c7 Rxb6 45.c8=Q Qh4 46.Qc3+ Kg8 47.Qd4 Rb8 48.e5 dxe5 
49.Qxe5 Rd8 50.d6 Rb8 51.d7 Rd8 52.Qe8+ Kg7 53.Rc8 1-0

[Event "40th Asia-ch U20"]
[Site "Ulaanbaatar MGL"]
[Date "2018.08.21"]
[Round "4"]
[White "Amilal, Munkhdalai"]
[Black "Gan-Erdene, Sugar"]
[Result "0-1"]
[WhiteElo "1790"]
[BlackElo "2309"]
[EventDate "2018.08.19"]
[PlyCount "0"]

1.d4 Nf6 2.Nf3 g6 3.Bf4 Bg7 4.e3 O-O 5.h3 d6 6.Be2 Nc6 7.c4 Re8 8.Bg3 Bf5 
9.Nc3 e5 10.d5 Nb4 11.O-O a5 12.a3 Na6 13.Nd2 e4 14.Bh4 Bh6 15.g4 g5 16.
Bg3 Bg6 17.h4 gxh4 18.Bxh4 Bg7 19.Qc2 Qc8 20.Bxf6 Bxf6 21.Ncxe4 Bg7 22.f3 
f5 23.gxf5 Qxf5 24.Bd3 Nc5 25.Kf2 Qe5 26.Rg1 Nxd3+ 27.Qxd3 Qxb2 28.Rab1 
Bxe4 29.fxe4 Rf8+ 30.Ke2 Qe5 31.Rh1 Rf6 32.Nf3 Qg3 33.Ne1 Bh6 34.Kd1 Re8 
35.Rb2 Qg4+ 36.Re2 Qxe4 37.Rg2+ Kf7 38.Rgh2 Kg7 39.Rg2+ Kf7 40.Rgh2 Qxd3+ 
41.Nxd3 Rxe3 42.Rxh6 Rxd3+ 43.Kc2 Rxh6 44.Rxh6 Kg7 45.Re6 Rf3 46.Re7+ Rf7 
47.Re4 h5 48.Kb3 Kg6 49.Ka4 b6 50.Kb5 Kg5 51.Re8 Rh7 52.Rg8+ Kf4 53.Kc6 h4
54.Rg1 h3 55.Rh1 h2 0-1

[Event "40th Asia-ch U20"]
[Site "Ulaanbaatar MGL"]
[Date "2018.08.21"]
[Round "4"]
[White "Agibileg, Uurtsaikh"]
[Black "Tengis, Tsog-Ochir"]
[Result "1-0"]
[WhiteElo "2302"]
[BlackElo "2186"]
[EventDate "2018.08.19"]
[PlyCount "0"]

1.d4 Nf6 2.c4 g6 3.Nc3 d5 4.cxd5 Nxd5 5.e4 Nxc3 6.bxc3 Bg7 7.Nf3 O-O 8.Be2
c5 9.Rb1 Nc6 10.d5 Ne5 11.Nxe5 Bxe5 12.Qd2 Qa5 13.Rb3 a6 14.O-O c4 15.Bxc4
Qc7 16.Be2 Bxh2+ 17.Kh1 Bd6 18.f4 e5 19.f5 f6 20.Qh6 Qg7 21.Qh2 g5 22.a4 
Qd7 23.c4 Qxa4 24.Rg3 Rf7 25.Bxg5 fxg5 26.Rxg5+ Kh8 27.f6 Qc2 28.Qh5 Qxe4 
29.Rg3 Rf8 30.Bd3 Bf5 31.Bxe4 Bxe4 32.f7 1-0

[Event "40th Asia-ch U20"]
[Site "Ulaanbaatar MGL"]
[Date "2018.08.21"]
[Round "4"]
[White "Chinguun, Sumiya"]
[Black "Baasansuren, Erdene"]
[Result "1/2-1/2"]
[WhiteElo "2108"]
[BlackElo "2240"]
[EventDate "2018.08.19"]
[PlyCount "0"]

1.e4 c5 2.Nf3 d6 3.d4 cxd4 4.Nxd4 Nf6 5.Nc3 Bd7 6.Be2 g6 7.Be3 Bg7 8.Qd2 
Nc6 9.Nb3 O-O 10.Bh6 Bxh6 11.Qxh6 Ne5 12.f3 Rc8 13.h4 Nh5 14.O-O-O Ng3 15.
Rhe1 a5 16.Nd4 Rxc3 17.bxc3 Qc7 18.Kd2 Rc8 19.Ke3 Qxc3+ 20.Kf2 Nxe2 21.
Rxe2 Qc5 22.Kg1 Nc4 23.Kh1 a4 24.Qg5 Qxg5 25.hxg5 e5 26.Nb3 axb3 27.axb3 
Na5 28.Rxd6 Be6 29.Rb6 Rc7 30.Rd2 Kg7 31.c4 h6 32.gxh6+ Kxh6 33.Rb5 Nc6 
34.Rc5 Re7 35.Rd6 Kg5 36.Kg1 f5 37.b4 Nxb4 38.Rxe5 Kf6 39.Rb5 Nc6 40.exf5 
gxf5 41.f4 Kf7 42.Rd2 Kf6 43.Rd6 Kf7 44.Rd2 Bc8 45.g3 Re4 46.Rc5 1/2-1/2

[Event "40th Asia-ch U20"]
[Site "Ulaanbaatar MGL"]
[Date "2018.08.21"]
[Round "4"]
[White "Bulgankhan, Ganzorig"]
[Black "Krishna Teja, N"]
[Result "1-0"]
[WhiteElo "2103"]
[BlackElo "2389"]
[EventDate "2018.08.19"]
[PlyCount "0"]

1.d4 Nf6 2.c4 e6 3.Nf3 c5 4.d5 b5 5.dxe6 fxe6 6.cxb5 d5 7.g3 Bd6 8.Bg2 Bb7
9.O-O e5 10.e4 d4 11.Nbd2 a6 12.Nc4 axb5 13.Ncxe5 Bxe5 14.Nxe5 c4 15.Bg5 
Ra6 16.Nf3 h6 17.Bxf6 Rxf6 18.Nxd4 O-O 19.Nf5 Qc7 20.Rc1 Na6 21.Ne3 Nb4 
22.Qd2 Nxa2 23.Ra1 Rd8 24.Nd5 Bxd5 25.exd5 Ra6 26.Rfd1 b4 27.Qe2 b3 28.Bf1
Ra4 29.d6 Qf7 30.Bg2 Kh8 31.Bd5 Qa7 32.Bxc4 Nc3 33.Qe7 Qb6 34.Qc7 Rxa1 35.
Rxa1 1-0

[Event "40th Asia-ch U20"]
[Site "Ulaanbaatar MGL"]
[Date "2018.08.21"]
[Round "4"]
[White "Erdemdalai, Yondonjamts"]
[Black "Erkhes, Bayartnar"]
[Result "1-0"]
[WhiteElo "1788"]
[BlackElo "1762"]
[EventDate "2018.08.19"]
[PlyCount "0"]

1.e4 e5 2.Nf3 Nc6 3.Bb5 a6 4.Ba4 Nf6 5.O-O Be7 6.Re1 b5 7.Bb3 O-O 8.d4 
Nxd4 9.Bxf7+ Rxf7 10.Nxe5 Ne6 11.Nxf7 Kxf7 12.e5 Ne8 13.Qf3+ Kg8 14.Qxa8 
c6 15.Nc3 N8c7 16.Qb8 a5 17.Be3 Na6 18.Qa7 Qf8 19.Ne4 Nac7 20.Nd6 Ba6 21.
Bb6 Bd8 22.Bxa5 h6 23.Qb8 Kh7 24.Nb7 Bxb7 25.Qxb7 Qf7 26.Qc8 Bh4 27.Bxc7 
Qxf2+ 28.Kh1 Nf4 29.Rg1 Bg3 30.Qxd7 Bxh2 31.Qf5+ Kg8 32.Rad1 Nd3 33.Qxf2 
Nxf2+ 34.Kxh2 1-0

[Event "40th Asia-ch U20"]
[Site "Ulaanbaatar MGL"]
[Date "2018.08.21"]
[Round "4"]
[White "Tenuunbold, Battulga"]
[Black "Ochirbat, Lkhagvajamts"]
[Result "1-0"]
[WhiteElo "1469"]
[BlackElo "2007"]
[EventDate "2018.08.19"]
[PlyCount "0"]

1.d4 Nf6 2.c4 e6 3.g3 d5 4.Nf3 dxc4 5.Qa4+ Bd7 6.Qxc4 Bc6 7.Bg2 Bd6 8.Nc3 
Nbd7 9.O-O O-O 10.Qd3 b6 11.Rd1 Bb7 12.e4 Bb4 13.e5 Bxf3 14.Qxf3 Nd5 15.
Nxd5 exd5 16.Qxd5 c6 17.Qxc6 Rc8 18.Qb5 Be7 19.Be3 Nb8 20.Rac1 Qe8 21.Qxe8
Rfxe8 22.Rxc8 Rxc8 23.Rc1 Rxc1+ 24.Bxc1 f6 25.f4 Kf7 26.Bd5+ Ke8 27.Kf2 
Kd7 28.Ke3 Na6 29.a3 fxe5 30.dxe5 Nc5 31.b4 Na6 32.Ke4 Nc7 33.f5 Nb5 34.
Bb2 Kc7 35.a4 a6 36.axb5 axb5 37.e6 1-0

[Event "40th Asia-ch U20"]
[Site "Ulaanbaatar MGL"]
[Date "2018.08.21"]
[Round "4"]
[White "Chinguun, Otgonbayar"]
[Black "Azhigulov, Nurmat"]
[Result "1-0"]
[WhiteElo "1952"]
[BlackElo "1721"]
[EventDate "2018.08.19"]
[PlyCount "0"]

1.d4 e6 2.c4 d5 3.Nc3 c6 4.e3 Nf6 5.Nf3 Nbd7 6.Qc2 a6 7.a4 Bb4 8.Bd3 dxc4 
9.Bxc4 c5 10.O-O Qc7 11.Bd3 b6 12.Na2 a5 13.Nxb4 axb4 14.e4 Bb7 15.b3 Rc8 
16.Bg5 cxd4 17.Qxc7 Rxc7 18.Nxd4 Rc3 19.Rad1 Bxe4 20.Bc4 Bd5 21.Bb5 Ne4 
22.Bc1 Nd6 23.Bxd7+ Kxd7 24.Bd2 Bxb3 25.Nxb3 Rxb3 26.Bf4 Kc6 27.Rxd6+ Kc5 
28.Rfd1 Ra3 29.Be3+ Kc4 30.R6d4+ Kb3 31.Rb1+ Kc2 32.Rdxb4 1-0

[Event "40th Asia-ch U20"]
[Site "Ulaanbaatar MGL"]
[Date "2018.08.21"]
[Round "4"]
[White "Taivanbat, Chimeddorj"]
[Black "Chinguun, Bayaraa"]
[Result "1-0"]
[WhiteElo "1691"]
[BlackElo "1941"]
[EventDate "2018.08.19"]
[PlyCount "0"]

1.e4 c5 2.Nf3 d6 3.d4 cxd4 4.Nxd4 Nf6 5.Nc3 a6 6.Bg5 Nbd7 7.f4 Qa5 8.Qd2 
e6 9.O-O-O Be7 10.Kb1 Qc7 11.g4 Rb8 12.Bxf6 Nxf6 13.g5 Nd7 14.f5 Nc5 15.
Bh3 Bd7 16.Rhe1 b5 17.Qf2 b4 18.Nd5 exd5 19.exd5 Kf8 20.f6 Bd8 21.Nf5 Bxf5
22.fxg7+ Kxg7 23.Qd4+ f6 24.Bxf5 Rf8 25.Rg1 Kh8 26.g6 Qg7 27.gxh7 Qh6 28.
Rg6 Qh5 29.Rdg1 Be7 30.Qe3 Rfe8 31.Qg3 Qxh7 32.Rg4 Ne4 33.Bxe4 f5 34.Bxf5 
Qxf5 35.Rh4+ Bxh4 36.Qg7# 1-0

[Event "40th Asia-ch U20"]
[Site "Ulaanbaatar MGL"]
[Date "2018.08.21"]
[Round "4"]
[White "Khuslen, Altan-Ochir"]
[Black "Azjargal, Erdenebat"]
[Result "1-0"]
[WhiteElo "1780"]
[BlackElo "1564"]
[EventDate "2018.08.19"]
[PlyCount "0"]

1.e4 c5 2.Nf3 e6 3.g3 Nc6 4.Bg2 Nf6 5.Qe2 d6 6.O-O Be7 7.c3 e5 8.d4 cxd4 
9.cxd4 exd4 10.Rd1 Qb6 11.Nbd2 Be6 12.b3 O-O 13.Bb2 d5 14.exd5 Bxd5 15.Nc4
Bxc4 16.Qxc4 Rac8 17.Nxd4 Nb4 18.Qe2 Rfe8 19.Qf3 Nbd5 20.Nf5 Rc2 21.Nxe7+ 
Rxe7 22.Bd4 Qe6 23.Bxa7 b5 24.Bd4 h6 25.Qd3 Qe2 26.Bf1 Qxd3 27.Bxd3 Rc8 
28.Bxb5 Ne8 29.Rac1 Rb8 30.a4 Nd6 31.Bc5 Nxb5 32.Bxe7 Nbc3 33.Rxc3 Nxc3 
34.Rd8+ Rxd8 35.Bxd8 Kf8 36.a5 Nb5 37.a6 Ke8 38.Bb6 Kd7 39.a7 Nxa7 40.Bxa7
Kc6 41.Bd4 g6 42.Kg2 Kd5 43.Bc3 f5 44.Kf3 g5 45.g4 fxg4+ 46.Kxg4 Ke4 47.
Bg7 Kd5 48.Bxh6 Kc5 49.Bxg5 Kb4 50.h4 Kxb3 1-0